High School Musical 3 (Запис № 458854)

МАРК-запис
000 -Лідер
fixed length control field 01806 a2200289 4500
001 - Контрольний номер
control field 5150530
003 - Ідентифікатор контрольного номера
control field UA-OsUOA
005 - Дата та час останнього входження (трансакції)
control field 20260317153950.0
008 - Елементи даних фіксованої довжини – загальна інформація
fixed length control field 200414b pl o|||| |||| 00| | pol d
020 ## - Міжнародний стандартний книжковий номер (ISBN)
Міжнародний стандартний книжковий номер (ISBN) (НП) 9788323726319
040 ## - Джерело каталогізації
Агенція оригінальної каталогізації UA-OsUOA
Мова каталогізації ukr
Агенція, яка здійснювала перезапис UA-OsUOA
Агенція, яка здійснювала модифікацію UA-OsUOA
041 ## - Код мови
Код мови тексту/ звукової доріжки чи окремого заголовка (П) pol
080 ## - Індекс Універсальної десяткової класифікації
Індекс Універсальної десяткової класифікації (УДК) (НП) 821.162.1(73)
090 ## - Локальний шифр розміщення
Класифікаційний індекс УДК 821.162.1(73)
Авторський знак (НП) B24
100 ## - Основне введення – ім’я особи
Ім’я особи (НП) Barsocchini P.
9 (RLIN) 24504
245 ## - Відомості про назву
Назва (НП) High School Musical 3
Решта назви (НП) Ostatnia klasa
Дані про відповідальність (НП) Peter Barsocchini
250 ## - Відомості про видання (редакцію)
Відомості про видання (редакцію) (НП) Wydanie I
260 ## - Публікація, розповсюдження і т.п. (Вихідні дані)
Ім’я/ наймення видавництва, розповсюджувача і т.п. (П) Egmont
Дата публікації, розповсюдження і т.п. (П) 2008
Місце публікації, розповсюдження і т.п. (П) Warszawa
300 ## - Фізичний опис
Обсяг 123 s.
440 ## - Область серії / додатковий пошуковий ознака на назву серії
Заголовок High School Musical
9 (RLIN) 24505
520 ## - Резюме і т.п.
Резюме, реферат, анотація, тощо (НП) Koniec szkoły już blisko. Emocje w ostatnich klasach sięgają zenitu. Pani Darbus ogłosiła, że gościem na premierze szkolnego musicalu będzie obserwator z renomowanej uczelni artystycznej, który w nagrodę przyzna stypendium jednemu z czterech maturzystów, czyli Sharpay, Ryanowi, Klesi albo Troyowi! Atmosfera staje się coraz bardziej gorąca, a Troy zastanawia się, czy rzeczywiście chce zostać nową gwiazdą koszykówki w drużynie Uniwersytetu Albuquerque, czy też może wybiera się tam tylko dlatego, że takie jest życzenie jego ojca. Z kolei Gabriella zostaje zaproszona na kurs przygotowawczy na słynny Uniwersytet Stanforda. Jeśli się zgodzi, będzie musiała zrezygnować z musicalu, a może nawet z balu absolwentów i uroczystości rozdania dyplomów! Jaką podejmie decyzję? Czy Dzikie Koty zdołają po raz ostatni wystąpić razem na scenie?
650 ## - Додаткове предметне введення – тематичний термін
Джерело заголовка чи терміна UDC
Тематичний термін чи географічна назва, як елемент введення (НП) 821 Художня література окремими мовами і мовними сім'ями
9 (RLIN) 17
700 1# - Додаткове введення – ім'я особи
Ім’я особи (НП) Barsocchini Peter
9 (RLIN) 24506
942 ## - Додаткові елементи входу (Коха)
Тип елемента Koha Книги
Source of classification or shelving scheme Universal Decimal Classification
955 ## - Код типу видання за змістом
Код типу видання за змістом (НП) Літературно-художні видання
Фонди
Стан вилучень Стан втрат Джерело класифікації або схеми стелажів Стан уражень Не для кредиту Постійне місце розташування Поточне розміщення Дата придбання Джерело придбання Вартість, звичайна ціна покупки Усього замовленно Повний номер виклику Штрих-код Дата останнього перегляду Дата останньої перевірки Вартість, ціна заміни Ціна ефективна від Тип елемента Koha
    Universal Decimal Classification     ВІЛ - Відділ іноземн. літератури НБ ВІЛ - Відділ іноземн. літератури НБ 14/04/2020 №4/2020 20.00 1 821.162.1(73) B24 216921 23/12/2025 08/09/2025 20.00 14/04/2020 Книги